Statistics for WA State - 25 Largest Cities

Click here to take the quiz!

General Stats

  • This quiz has been taken 209 times
  • The average score is 16 of 25

Answer Stats

PopulationCountyCity% Correct
730,400KingSeattle
100%
209,100PierceTacoma
94%
220,100SpokaneSpokane
94%
183,500ClarkVancouver
89%
94,190YakimaYakima
83%
142,400KingBellevue
83%
52,490ThurstonOlympia
78%
88,500WhatcomBellingham
78%
87,240KingKirkland
78%
95,810SpokaneSpokane Valley
72%
111,200SnohomishEverett
72%
128,900KingKent
72%
97,440KingFederal Way
67%
104,100KingRenton
67%
64,050KingRedmond
67%
81,850BentonKennewick
61%
55,320BentonRichland
56%
80,615King/PierceAuburn
50%
73,590FranklinPasco
44%
55,730KingShoreline
44%
59,350PierceLakewood
39%
67,040SnohomishMarysville
33%
63,470KingSammamish
28%
51,850KingBurien
28%
50,170ThurstonLacey
28%

Score Distribution

Percentile by Number Answered

Percent of People with Each Score

Your Score History

You have not taken this quiz